Human ovulation : (Record no. 1623)
[ view plain ]
| 000 -LEADER | |
|---|---|
| fixed length control field | 01318cam a2200337 i 4500 |
| 003 - CONTROL NUMBER IDENTIFIER | |
| control field | OSt |
| 005 - DATE AND TIME OF LATEST TRANSACTION | |
| control field | 20210629080550.0 |
| 008 - FIXED-LENGTH DATA ELEMENTS--GENERAL INFORMATION | |
| fixed length control field | 780802s1979 ne af b 001 0 eng |
| 020 ## - INTERNATIONAL STANDARD BOOK NUMBER | |
| International Standard Book Number | 0720406560 |
| 040 ## - CATALOGING SOURCE | |
| Transcribing agency | DLC |
| 050 00 - LIBRARY OF CONGRESS CALL NUMBER | |
| Classification number | QP261 |
| Item number | .H85 1979 |
| 060 ## - NATIONAL LIBRARY OF MEDICINE CALL NUMBER | |
| Classification number | W1 HU462 v. 3 |
| -- | WP540 H918 |
| 245 00 - TITLE STATEMENT | |
| Title | Human ovulation : |
| Remainder of title | mechanisms, prediction, detection, and induction / |
| Statement of responsibility, etc. | editor, E. S. E. Hafez. |
| 260 ## - PUBLICATION, DISTRIBUTION, ETC. | |
| Place of publication, distribution, etc. | Amsterdam ; |
| -- | New York : |
| Name of publisher, distributor, etc. | North-Holland Pub. Co. ; |
| Place of publication, distribution, etc. | New York : |
| Name of publisher, distributor, etc. | sole distributors for the U.S.A. and Canada, Elsevier North-Holland, |
| Date of publication, distribution, etc. | 1979. |
| 300 ## - PHYSICAL DESCRIPTION | |
| Extent | xxii, 546 p., [3] leaves of plates : |
| Other physical details | ill. ; |
| Dimensions | 25 cm. |
| 440 #0 - SERIES STATEMENT/ADDED ENTRY--TITLE | |
| Title | Human reproductive medicine ; |
| Volume/sequential designation | v. 3 |
| 500 ## - GENERAL NOTE | |
| General note | "The sixth C.S. Mott Center symposium held in April, 1977, at Wayne State University, School of Medicine, Detroit, Michigan." |
| 504 ## - BIBLIOGRAPHY, ETC. NOTE | |
| Bibliography, etc. note | Includes bibliographies and index. |
| 650 #0 - SUBJECT ADDED ENTRY--TOPICAL TERM | |
| Topical term or geographic name entry element | Ovulation. |
| 650 #0 - SUBJECT ADDED ENTRY--TOPICAL TERM | |
| Topical term or geographic name entry element | Human reproduction. |
| 650 #2 - SUBJECT ADDED ENTRY--TOPICAL TERM | |
| Topical term or geographic name entry element | Ovulation. |
| 650 #2 - SUBJECT ADDED ENTRY--TOPICAL TERM | |
| Topical term or geographic name entry element | Ovulation detection. |
| 650 #2 - SUBJECT ADDED ENTRY--TOPICAL TERM | |
| Topical term or geographic name entry element | Ovulation induction. |
| 700 1# - ADDED ENTRY--PERSONAL NAME | |
| Personal name | Hafez, E. S. E. |
| Fuller form of name | (Elsayed Saad Eldin), |
| Dates associated with a name | 1922- |
| 710 2# - ADDED ENTRY--CORPORATE NAME | |
| Corporate name or jurisdiction name as entry element | C.S. Mott Center for Human Growth and Development. |
| 906 ## - LOCAL DATA ELEMENT F, LDF (RLIN) | |
| a | 7 |
| b | cbc |
| c | orignew |
| d | 1 |
| e | ocip |
| f | 19 |
| g | y-gencatlg |
| 942 ## - ADDED ENTRY ELEMENTS (KOHA) | |
| Source of classification or shelving scheme | |
| Koha item type | Book |
| Suppress in OPAC | SO |
| Withdrawn status | Lost status | Source of classification or shelving scheme | Damaged status | Not for loan | Permanent Location | Current Location | Shelving location | Date acquired | Total Checkouts | Full call number | Barcode | Date last seen | Price effective from | Koha item type | Public note |
|---|---|---|---|---|---|---|---|---|---|---|---|---|---|---|---|
| AU LIBRARY | AU LIBRARY | Open Shelf | 29.06.2021 | QP261 .H85 1979 | 28002010 | 29.06.2021 | 29.06.2021 | Book | SO |